| 000 | 00901nam a2200265Ia 4500 | ||
|---|---|---|---|
| 003 | OSt | ||
| 005 | 20220925221653.0 | ||
| 006 | a|||||r|||| 00| 0 | ||
| 007 | ta | ||
| 008 | 220923b |||||||| |||| 00| 0 eng d | ||
| 020 |
_a13:9780262083584 _c1722.53 |
||
| 037 |
_b25199, 24/03/2008, Segment Book Distrobutors _cGeneral Book |
||
| 040 |
_aRTL _cRTL _beng |
||
| 041 |
_2eng _aeng |
||
| 082 | _aU:(G:55).41.P, P7 | ||
| 100 |
_aHO Mun S _9286884 |
||
| 245 | 0 |
_aClearing the air _b The health and economic damages of air pollution in China |
|
| 260 |
_aLondon _bMIT Press _c2007 |
||
| 300 |
_axviii, 387p _ccm. |
||
| 500 | _aBibliography chapterwise; With CD | ||
| 650 | _aGeography | ||
| 700 |
_a NIELSEN Chris P _9286885 |
||
| 942 |
_hU:(G:55).41.P, P7 _cGB _2CC |
||
| 999 |
_c575028 _d575028 |
||